000
00312nam a22001457a 4500
008
221124b ||||| |||| 00| 0 eng d
020
_a
9780803660687
041
_a
eng
080
_a
61
082
_a
61JUR
100
_a
2
101
_a
MJK
245
_a
CONQUER MEDICAL CODING
_c
JUREK H J
942
_2
udc
_c
BK
999
_c
59032
_d
59032